000 00883cam a2200265 i 4500
005 20251223105854.0
008 250721s1998 jo gr 000 0 ara d
082 1 4 _a218.41
_bو ا ن
100 1 _aوانلي، خير الدين
_eمؤلف.
245 1 2 _aالمسجد في الإسلامي /
_cتأليف خير الدين وانلي.
246 1 3 _aأحكامه آدابه بدعه
250 _aالطبعه الرابعه.
264 3 1 _aعمان :
_bالمكتبة الإسلامية،
_c1998.
300 _a456 صفحة.
650 1 7 _aالمساجد.
650 1 7 _aالإسلام.
650 1 7 _aالبناء.
650 1 7 _aالأحكام.
650 1 7 _aالبدع.
650 1 7 _aالأذان و الإقامة.
650 1 7 _aالصلاة.
650 1 7 _aالآداب الإسلامية.
942 _2ddc
_cBK
999 _c41948
_d41948